Geography Quiz

Random Geography or Asia Quiz

Backward Asia Match-Up Quiz Stats

 Plays Quiz Updated Sep 14, 2017

Challenge
Share
Tweet
Score 0/43 Timer 05:00
2 Plays Today
% Correct
NATS
88.1%
SENIP
87.7%
RAT
87.6%
DNAL
86.7%
NATSI
86.6%
AILO
86.5%
HSEDA
86.5%
NEM
85.5%
AISEN
84.3%
AIDO
84.3%
NATSIN
83.3%
NATSIK
83.1%
Q
82.6%
NAP
82.5%
YEK
82.5%
EROP
82.4%
NA
82.4%
AIS
82.4%
AID
82%
RAM
81.7%
ANI
81.6%
NAD
81.6%
% Correct
AIG
81.4%
NAW
80.4%
AIR
79.8%
NAJIA
79.5%
NON
79%
TIA
78.9%
NATSH
78.8%
LEA
78.4%
AISY
78.4%
LAP
78%
NAT
77%
MANT
76.7%
NIAR
76.7%
NAR
76.5%
AINE
76.3%
NATSIKI
76.3%
SEVI
75.9%
ENIT
75.6%
NATSZ
74.3%
SO
69.6%
IEN
69.5%

You're not logged in!

Compare scores with friends on all Sporcle quizzes.
Join for Free
OR
Log In

You Might Also Like...

Show Comments

Extras

Top Quizzes Today


Score Distribution

Your Account Isn't Verified!

In order to create a playlist on Sporcle, you need to verify the email address you used during registration. Go to your Sporcle Settings to finish the process.

Report this User

Report this user for behavior that violates our Community Guidelines.

Details: